000 01245nam a2200337 i 4500
001 000048969
003 DO-SdBNP
005 20250909140831.0
007 ta
008 190510s2016 dr a r 000 0 spa d
020 _a9789945587081
040 _aDO-SdBNP
_bspa
_cBNPHU
_erda
041 _aspa
082 _axxxx
_bI73r, 2016
_222
100 1 _aIsa Conde, Narciso,
_d1942-
_eautor
_912387
245 1 0 _aRevelaciones :
_blas relaciones con Caamaño en Cuba y los esfuerzos por la unidad revolucionaria 1968-1973 /
_cNarciso Isa Conde ; edición Farah Hallal ; coordinación Matías Bosch.
264 _aSanto Domingo :
_bFundación Juan Bosch,
_c2016.
300 _a381 páginas :
_bilustraciones ;
_c23 cm. :.
336 _ardacontent
_btexto
_2txt
337 _ardamedia
_bsin mediación
_2n
338 _ardacarrier
_bvolumen
_2nc
490 1 _aBosch vive
_v16
500 _aIncluye datos biográficos del autor en la solapa de la cubierta
500 _aIncluye índice onomástico
500 _aIncluye referencias bibliográficas y notas al pie de las páginas
590 _aInventariado, 2019/BT
700 1 _aHallal, Farah,
_eeditor
_972150
700 1 _aBosch, Matías,
_ecoordinador
_972665
910 _aBT
942 _2ddc
_cLBS1
999 _c48457
_d48457